[Event "HZ Chess Tournament 2022"]
[Site "Vlissingen, Netherlands"]
[Date "2022.08.13"]
[Round "9.1"]
[White "Harsha Bharathakoti"]
[Black "Lalith Babu M R"]
[Result "1-0"]
[WhiteElo "2557"]
[BlackElo "2549"]
[PlyCount "65"]

1. e4 e5 2. Nf3 Nc6 3. Bb5 a6 4. Ba4 Nf6 5. d3 b5 6. Bb3 Bc5 7. Bg5 h6 8. Bh4
d6 9. c3 Bb6 10. a4 Rb8 11. axb5 axb5 12. Na3 g5 13. Bg3 b4 14. Nc4 bxc3 15.
bxc3 Ne7 16. Nxb6 Rxb6 17. h4 g4 18. Nd2 Ng6 19. Nc4 Rb8 20. Ba4+ Kf8 21. Ne3
Nf4 22. O-O N6h5 23. Bc2 Rg8 24. d4 Qf6 25. Kh2 Kg7 26. Ra7 Qe7 27. Qa1 Kh8 28.
Qa5 exd4 29. cxd4 Rb7 30. Rxb7 Bxb7 31. Nf5 Qd7 32. Bxf4 Nxf4 33. Qd2 1-0

[Event "HZ Chess Tournament 2022"]
[Site "Vlissingen, Netherlands"]
[Date "2022.08.13"]
[Round "9.2"]
[White "Ikonnikov, Vyacheslav"]
[Black "Ponomariov, Ruslan"]
[Result "1/2-1/2"]
[WhiteElo "2493"]
[BlackElo "2642"]
[PlyCount "89"]

1. d4 Nf6 2. Nf3 d5 3. c4 c6 4. Nc3 dxc4 5. a4 Bf5 6. e3 e6 7. Bxc4 Bb4 8. Bd2
O-O 9. Ne4 Bxd2+ 10. Nexd2 a5 11. O-O Nbd7 12. Re1 Ne4 13. Nxe4 Bxe4 14. Nd2
Bg6 15. Qb3 Nb6 16. Qc3 Qd6 17. Rec1 Rfd8 18. Nb3 Nxc4 19. Qxc4 e5 20. Qc5 exd4
21. Qxd6 Rxd6 22. Nxd4 f6 23. Ra3 Bf7 24. Rac3 Kf8 25. f3 g6 26. Kf2 Ke7 27. g4
Ra6 28. Rc5 Rd5 29. Rxd5 Bxd5 30. e4 Bf7 31. Ke3 Kd6 32. Rc3 Ra8 33. h4 Re8 34.
Nb3 b6 35. Nd4 c5 36. Nb5+ Ke7 37. g5 Rd8 38. Rd3 Rxd3+ 39. Kxd3 Bb3 40. Nc3
fxg5 41. hxg5 Kd6 42. f4 Ke6 43. Ke3 Kd6 44. Kd3 Ke6 45. Ke3 1/2-1/2

[Event "HZ Chess Tournament 2022"]
[Site "Vlissingen, Netherlands"]
[Date "2022.08.13"]
[Round "9.3"]
[White "Santiago, Yago De Moura"]
[Black "Vrolijk, Liam"]
[Result "1/2-1/2"]
[WhiteElo "2490"]
[BlackElo "2464"]
[PlyCount "112"]

1. d4 Nf6 2. c4 e6 3. Nf3 d5 4. Nc3 c5 5. cxd5 cxd4 6. Qxd4 exd5 7. e4 dxe4 8.
Qxd8+ Kxd8 9. Ng5 Be6 10. Nxe6+ fxe6 11. Bg5 Ke8 12. O-O-O Nc6 13. Bb5 Rc8 14.
Kb1 Bb4 15. Bxf6 gxf6 16. Nxe4 Ke7 17. a3 Ba5 18. Nd6 Rc7 19. Nc4 Bb6 20. Nxb6
axb6 21. Rhe1 Rd8 22. Rxd8 Nxd8 23. Re3 Rc5 24. Bd3 Rh5 25. h3 f5 26. Bf1 Rh4
27. Kc1 Rf4 28. f3 Rd4 29. Rb3 Rd6 30. f4 Kf6 31. Be2 h6 32. Bf3 Ke7 33. Bh5
Rd4 34. g3 Rd6 35. Be2 Kf6 36. Rb4 e5 37. fxe5+ Kxe5 38. Rb5+ Ke4 39. Bd1 Rc6+
40. Bc2+ Kf3 41. Kb1 Kxg3 42. Bxf5 Kf4 43. Bc2 Kg3 44. Rh5 Rd6 45. Be4 Rd4 46.
Bd5 Rh4 47. Rxh4 Kxh4 48. a4 Kxh3 49. b4 Kg4 50. a5 bxa5 51. bxa5 Kf4 52. Bxb7
Ne6 53. Kb2 Ke5 54. Bc8 Nc7 55. Kb3 Kd5 56. Kb4 Kc6 1/2-1/2

[Event "HZ Chess Tournament 2022"]
[Site "Vlissingen, Netherlands"]
[Date "2022.08.13"]
[Round "9.4"]
[White "Stillger, Bernhard"]
[Black "Baklan, Vladimir"]
[Result "0-1"]
[WhiteElo "2245"]
[BlackElo "2582"]
[PlyCount "126"]

1. Nf3 Nf6 2. g3 b5 3. Bg2 Bb7 4. O-O c5 5. d3 d5 6. a4 b4 7. e4 e6 8. exd5
Bxd5 9. Nbd2 Be7 10. Nc4 Nbd7 11. Re1 O-O 12. Nfe5 Nxe5 13. Nxe5 Qc7 14. a5
Rad8 15. Bf4 Bxg2 16. Kxg2 Nd5 17. Bd2 Bf6 18. Nc4 Rfe8 19. Qf3 Qd7 20. Rad1
Qa4 21. b3 Qd7 22. Rh1 Bd4 23. h4 e5 24. h5 f5 25. Rde1 Re6 26. Be3 Bc3 27. Rd1
Qc6 28. Bg5 e4 29. dxe4 fxe4 30. Qe2 Rf8 31. Be3 Bd4 32. Rdf1 Nc3 33. Qg4 h6
34. Kh2 Qd5 35. Bf4 Ref6 36. Ne3 Qf7 37. Kg2 Nd5 38. Nxd5 Qxd5 39. Qe2 e3+ 40.
f3 Rxf4 41. gxf4 Rxf4 42. Qc4 Qxc4 43. bxc4 Bc3 44. Rb1 e2 45. Kf2 e1=Q+ 46.
Rhxe1 Bxe1+ 47. Rxe1 Rxc4 48. Re7 a6 49. Ra7 Rxc2+ 50. Ke3 c4 51. Rxa6 Ra2 52.
Rb6 Rxa5 53. Rxb4 Rc5 54. Kd4 Rxh5 55. Rb8+ Kf7 56. Kxc4 Rf5 57. Rb3 Rf4+ 58.
Kd5 g5 59. Ke5 Kg6 60. Ra3 Kh5 61. Rb3 Kh4 62. Rb6 h5 63. Rb3 Kg3 0-1

[Event "HZ Chess Tournament 2022"]
[Site "Vlissingen, Netherlands"]
[Date "2022.08.13"]
[Round "9.5"]
[White "Klepke, Ricardo"]
[Black "Beerdsen, Thomas"]
[Result "0-1"]
[WhiteElo "2293"]
[BlackElo "2513"]
[PlyCount "84"]

1. d4 Nf6 2. c4 e6 3. g3 d5 4. Nf3 Bb4+ 5. Bd2 Be7 6. Bg2 O-O 7. Qb3 a5 8. O-O
a4 9. Qc2 c6 10. Ne5 Nbd7 11. Nxd7 Bxd7 12. a3 dxc4 13. Qxc4 b5 14. Qd3 Rc8 15.
Nc3 Qb6 16. Bg5 Rfd8 17. Ne4 Be8 18. Rfd1 Rd7 19. Bxf6 gxf6 20. Qc3 Rcd8 21. d5
Rxd5 22. Rxd5 Rxd5 23. Nxf6+ Bxf6 24. Qxf6 Qd8 25. Qf4 Rd4 26. Qe5 h6 27. Bf3
Qd6 28. Qe3 e5 29. Qc3 c5 30. e3 Rd3 31. Qa5 Rd2 32. Qa8 Kf8 33. Rc1 c4 34. h4
Ke7 35. Qa7+ Kf6 36. Qa8 Bd7 37. g4 Kg7 38. Qe4 Qf6 39. h5 Be6 40. Qa8 Bxg4 41.
Bxg4 Qxf2+ 42. Kh1 Qh2# 0-1

[Event "HZ Chess Tournament 2022"]
[Site "Vlissingen, Netherlands"]
[Date "2022.08.13"]
[Round "9.6"]
[White "Grutter, Tim"]
[Black "Leenhouts, Koen"]
[Result "1-0"]
[WhiteElo "2246"]
[BlackElo "2442"]
[PlyCount "83"]

1. e4 e5 2. Nf3 Nc6 3. Bb5 g6 4. d4 exd4 5. Bg5 Be7 6. Bxe7 Qxe7 7. O-O Qc5 8.
Bxc6 dxc6 9. Qxd4 Qxd4 10. Nxd4 Bd7 11. Nc3 O-O-O 12. Rfd1 c5 13. Nb3 b6 14.
Nd5 Be6 15. Nf4 Ne7 16. Nxe6 fxe6 17. Nd2 Nc6 18. Nf3 Nd4 19. Ne1 g5 20. c3 Nc6
21. Kf1 Rdf8 22. Ke2 g4 23. b3 h5 24. Nd3 h4 25. f4 gxf3+ 26. gxf3 Rh5 27. Rg1
b5 28. Ke3 c4 29. Nf4 Rh6 30. Rg6 Rxg6 31. Nxg6 Rd8 32. bxc4 bxc4 33. Rc1 Rg8
34. Rg1 e5 35. f4 exf4+ 36. Kxf4 h3 37. Rg3 Kb7 38. e5 Kb6 39. Kf5 Ne7+ 40. Kf6
Nxg6 41. Rxg6 Rb8 42. Kf7+ 1-0

[Event "HZ Chess Tournament 2022"]
[Site "Vlissingen, Netherlands"]
[Date "2022.08.13"]
[Round "9.7"]
[White "Dhulipalla Bala Chandra Pr"]
[Black "Royal, Shreyas"]
[Result "1/2-1/2"]
[WhiteElo "2431"]
[BlackElo "2375"]
[PlyCount "41"]

1. d4 Nf6 2. c4 e6 3. g3 d5 4. Bg2 Bb4+ 5. Nd2 O-O 6. Ngf3 b6 7. O-O Bb7 8. a3
Be7 9. cxd5 exd5 10. b4 Nbd7 11. Ne5 c5 12. bxc5 bxc5 13. Rb1 Rb8 14. Qa4 cxd4
15. Nxd7 Qxd7 16. Qxa7 Qc6 17. Qxd4 Ba6 18. Rxb8 Rxb8 19. Qa7 Re8 20. Nb3 Bxe2
21. Re1 1/2-1/2

[Event "HZ Chess Tournament 2022"]
[Site "Vlissingen, Netherlands"]
[Date "2022.08.13"]
[Round "9.8"]
[White "Pham, Khoi"]
[Black "Saketh, Pedagandham"]
[Result "1-0"]
[WhiteElo "2376"]
[BlackElo "1947"]
[PlyCount "95"]

1. e4 e5 2. Nf3 Nc6 3. Bb5 a6 4. Ba4 Nf6 5. O-O Be7 6. d3 b5 7. Bb3 d6 8. c3
Na5 9. Bc2 c5 10. d4 cxd4 11. cxd4 O-O 12. b3 Nc6 13. Nc3 Bg4 14. Ne2 Bxf3 15.
gxf3 Nxd4 16. Nxd4 exd4 17. Qxd4 Rc8 18. Qd1 Qd7 19. Bd3 Nh5 20. f4 Qh3 21. Be2
Nf6 22. Bf3 h5 23. Bg2 Qh4 24. h3 Rc3 25. Be3 Rfc8 26. Re1 Rc2 27. Rc1 Rxc1 28.
Bxc1 Nh7 29. Qd4 Rc2 30. a4 Bf6 31. Qb6 Bc3 32. Rd1 Bb4 33. Be3 Bc5 34. Bxc5
dxc5 35. Qd8+ Qxd8 36. Rxd8+ Nf8 37. axb5 axb5 38. Rb8 b4 39. Bf1 g5 40. f5 Kg7
41. f6+ Kg8 42. Bc4 Rd2 43. e5 Rd1+ 44. Kg2 Re1 45. Re8 Re4 46. f3 Rf4 47. e6
Rxc4 48. e7 1-0

[Event "HZ Chess Tournament 2022"]
[Site "Vlissingen, Netherlands"]
[Date "2022.08.13"]
[Round "9.9"]
[White "Van Delft, Merijn"]
[Black "Lohr, Maximilian"]
[Result "1/2-1/2"]
[WhiteElo "2380"]
[BlackElo "2112"]
[PlyCount "103"]

1. e4 e5 2. Nf3 Nf6 3. Nxe5 Nxe4 4. Qe2 Qe7 5. Qxe4 d6 6. d4 dxe5 7. dxe5 Nc6
8. Nc3 Qxe5 9. Qxe5+ Nxe5 10. Nb5 Bb4+ 11. Bd2 Bxd2+ 12. Kxd2 Kd8 13. Re1 f6
14. f4 Ng6 15. g3 Bd7 16. Bc4 c6 17. Nd4 Kc7 18. Ne6+ Bxe6 19. Rxe6 Rhe8 20.
Rhe1 Rxe6 21. Rxe6 Kd7 22. Re3 Re8 23. Ra3 a6 24. Bd3 Ne7 25. Ra5 h6 26. Ra4
Nd5 27. Rd4 Kc7 28. c4 Nb4 29. Bg6 Re7 30. c5 Nd5 31. Be4 Rd7 32. a3 Ne7 33.
Kd3 Rxd4+ 34. Kxd4 Kd7 35. Bf3 Kc7 36. Bg4 Kd8 37. Be6 Kc7 38. Ke4 Kd8 39. Bf7
Kd7 40. h4 Nc8 41. g4 Ke7 42. Bc4 Kd7 43. g5 Ne7 44. gxh6 gxh6 45. Bf7 Kc7 46.
Be6 Kd8 47. f5 Ke8 48. Kd4 Kd8 49. Kc4 Kc7 50. Kd4 Kd8 51. Kc4 Kc7 52. Kd4
1/2-1/2

[Event "HZ Chess Tournament 2022"]
[Site "Vlissingen, Netherlands"]
[Date "2022.08.13"]
[Round "9.10"]
[White "Van den Doel, Erik"]
[Black "Van der Kaap, Jos"]
[Result "1/2-1/2"]
[WhiteElo "2591"]
[BlackElo "2187"]
[PlyCount "262"]

1. e4 d5 2. exd5 Qxd5 3. Nc3 Qa5 4. d4 Nf6 5. Nf3 Bf5 6. Bd2 e6 7. Be2 Nbd7 8.
O-O c6 9. Nh4 Bg6 10. Bf3 Qc7 11. g3 Bd6 12. a4 a5 13. Re1 O-O 14. Nxg6 hxg6
15. Bg2 Nb6 16. Ne2 Rfd8 17. c3 Rd7 18. Qb3 Nbd5 19. Nc1 c5 20. dxc5 Bxc5 21.
Nd3 Bd6 22. Rad1 Rc8 23. Qb5 Qc4 24. Qxc4 Rxc4 25. Ra1 Rcc7 26. Bf1 Rd8 27. Kg2
Kf8 28. Nc1 Nb6 29. Nb3 Ra8 30. h4 Nfd5 31. Nd4 Bc5 32. Nf3 Bd6 33. Bb5 Nc4 34.
Bc1 Ncb6 35. Ng5 Be7 36. Ne4 Nc4 37. Rh1 Nd6 38. Nxd6 Bxd6 39. h5 gxh5 40. Rxh5
Ke7 41. Rh7 Rg8 42. Bg5+ Nf6 43. Rh4 Rcc8 44. Rah1 Be5 45. Kf3 Rgd8 46. Ke2 Rd5
47. Be3 Rdd8 48. Bg5 Rd5 49. Bc1 Rdd8 50. Bd2 Nd5 51. Bd3 Nf6 52. Bc2 Nd5 53.
Be4 Rc4 54. Bg2 Rc7 55. Bf3 g6 56. Bg2 Bf6 57. Re4 Rcd7 58. Ra1 Rc8 59. Ra3 Rd6
60. Rb3 Rb6 61. Rb5 Rxb5 62. axb5 Rc5 63. Kd1 Rc7 64. Bf1 Rc8 65. Ra4 b6 66.
Ke2 Be5 67. Re4 Bf6 68. Bg2 Rd8 69. Rc4 Rd6 70. Rc8 Rd8 71. Rc6 Rd6 72. Rc4 Kd7
73. Be1 Be5 74. Rh4 Ke7 75. Be4 Rd8 76. Bd2 Nc7 77. Bc6 Nd5 78. Re4 Bf6 79. Rc4
Be5 80. Be1 Bd6 81. Rh4 Be5 82. f4 Bc7 83. Bf2 Rb8 84. Bd4 Bd6 85. Kd3 Nf6 86.
Rh1 Nd7 87. Ke4 Nc5+ 88. Kf3 Nb3 89. Bg7 Rg8 90. Rh7 Nc5 91. c4 Nd3 92. Ke2 Nb4
93. Be4 Bc5 94. b3 Rd8 95. Bh6 Rg8 96. Bg5+ Ke8 97. Bc6+ Kf8 98. Bf6 Be7 99.
Bd4 Bd8 100. Be4 Ke8 101. c5 bxc5 102. Bxc5 Nd5 103. Bxd5 exd5 104. b6 Kd7 105.
Rxf7+ Kc6 106. Bd4 Re8+ 107. Kd3 Re6 108. Ra7 Re4 109. Bf2 Rb4 110. Rg7 Rxb3+
111. Kc2 Rb4 112. Rxg6+ Kb7 113. f5 a4 114. Rd6 Bg5 115. Rd7+ Kc6 116. Rc7+ Kb5
117. Rc8 Ka6 118. Rg8 Bf6 119. Ra8+ Kb7 120. Ra7+ Kb8 121. Be3 Be5 122. f6 Bxf6
123. Bf4+ Kc8 124. Rc7+ Kd8 125. b7 a3 126. Rc8+ Kd7 127. b8=Q Rxb8 128. Rxb8
a2 129. Rb7+ Kc6 130. Ra7 a1=Q 131. Rxa1 Bxa1 1/2-1/2

[Event "HZ Chess Tournament 2022"]
[Site "Vlissingen, Netherlands"]
[Date "2022.08.13"]
[Round "9.11"]
[White "Honkoop, Gilian"]
[Black "Schoppen, Casper"]
[Result "0-1"]
[WhiteElo "2184"]
[BlackElo "2507"]
[PlyCount "90"]

1. d4 Nf6 2. Nf3 g6 3. c4 Bg7 4. Nc3 O-O 5. Bg5 d6 6. e3 c5 7. Be2 h6 8. Bh4 g5
9. Bg3 Nh5 10. Qc2 Nxg3 11. hxg3 e6 12. Rd1 Qe7 13. d5 Na6 14. O-O Nc7 15. dxe6
Bxe6 16. Rd2 Rad8 17. Rfd1 b6 18. Qa4 Bxc3 19. bxc3 Ne8 20. Qc2 Nf6 21. Nh2 Kg7
22. Nf1 Bc8 23. Bd3 Rfe8 24. Re2 d5 25. cxd5 Rxd5 26. e4 Rdd8 27. e5 Ng4 28.
Rde1 Rd5 29. Bb5 Red8 30. Bc4 Rxe5 31. Rxe5 Nxe5 32. Qe4 Re8 33. Bb5 Bb7 34.
Qa4 Rd8 35. Ne3 Qf6 36. Be2 a6 37. Qc2 Bc8 38. g4 Qf4 39. g3 Nf3+ 40. Kf1 Nxe1
41. Kxe1 Qe5 42. a4 Be6 43. Kf1 a5 44. Bf3 Qd6 45. Qe4 Qd3+ 0-1

[Event "HZ Chess Tournament 2022"]
[Site "Vlissingen, Netherlands"]
[Date "2022.08.13"]
[Round "9.12"]
[White "Duchene, Rene"]
[Black "Sorbe, Stephane"]
[Result "0-1"]
[WhiteElo "2170"]
[BlackElo "2353"]
[PlyCount "114"]

1. Nf3 d5 2. c4 c6 3. e3 Nf6 4. Nc3 Bg4 5. Qb3 Qb6 6. Ne5 Be6 7. d4 g6 8. Be2
Bg7 9. O-O O-O 10. Bd2 Rd8 11. Rfc1 Nbd7 12. cxd5 Nxd5 13. Nxd7 Nxc3 14. bxc3
Qc7 15. Bc4 Bxc4 16. Qxc4 Rxd7 17. Rab1 e5 18. Rd1 Rad8 19. Be1 Qa5 20. Qe2 h5
21. h3 Qa3 22. Rb3 Qe7 23. Qc4 Rc7 24. a4 Rdd7 25. Rdb1 Qd8 26. Rd1 Qg5 27.
Rbb1 Qf5 28. Qe2 a6 29. a5 Rc8 30. Rb3 Re8 31. Qb2 Ree7 32. Rb1 exd4 33. cxd4
c5 34. Bc3 cxd4 35. Bxd4 Bxd4 36. exd4 Qxa5 37. Rb6 Re1+ 38. Rxe1 Qxe1+ 39. Kh2
Qe4 40. g3 h4 41. gxh4 Qf4+ 42. Kg2 Qxh4 43. Qb3 Qe4+ 44. Qf3 Qxd4 45. Rxb7
Rxb7 46. Qxb7 Qc4 47. Qb8+ Kh7 48. Qe5 Qb5 49. Qf6 Qd5+ 50. Kh2 a5 51. Qf4 Kg7
52. h4 Qc5 53. Kg3 Qc3+ 54. Kh2 Qf6 55. Qg3 a4 56. Kh3 Qf5+ 57. Kh2 Qc5 0-1

[Event "HZ Chess Tournament 2022"]
[Site "Vlissingen, Netherlands"]
[Date "2022.08.13"]
[Round "9.13"]
[White "Grochal, Joey"]
[Black "Krause, Thomas"]
[Result "1/2-1/2"]
[WhiteElo "2290"]
[BlackElo "2129"]
[PlyCount "63"]

1. d4 g6 2. c4 Bg7 3. Nf3 d6 4. e4 Nf6 5. Nc3 O-O 6. Be2 Nbd7 7. Bg5 h6 8. Bh4
c5 9. d5 g5 10. Bg3 Nh5 11. O-O Nxg3 12. hxg3 a6 13. Ne1 b5 14. cxb5 Qa5 15.
Qc1 axb5 16. Nxb5 Ba6 17. a4 Qb4 18. Nc2 Qxb2 19. Qxb2 Bxb2 20. Rab1 Bg7 21.
Rfe1 Bc8 22. Ne3 Rxa4 23. Nf5 Bf6 24. Nxh6+ Kh7 25. Ng4 Bg7 26. Bd1 Rb4 27. Bc2
Ne5 28. Rxb4 cxb4 29. Nxe5 Bxe5 30. Rb1 Bd7 31. Rxb4 Rc8 32. Bd3 1/2-1/2

[Event "HZ Chess Tournament 2022"]
[Site "Vlissingen, Netherlands"]
[Date "2022.08.13"]
[Round "9.14"]
[White "Zevenhuizen, Daniel"]
[Black "Ollenberger, Roland"]
[Result "1-0"]
[WhiteElo "2168"]
[BlackElo "2256"]
[PlyCount "153"]

1. e4 c5 2. Nf3 d6 3. g3 Nc6 4. Bg2 g6 5. O-O Bg7 6. d3 Bd7 7. a4 a6 8. c3 Nf6
9. Nbd2 O-O 10. Nc4 Qc7 11. a5 Rad8 12. Re1 e5 13. Bg5 Be6 14. Qa4 h6 15. Bxf6
Bxf6 16. Nb6 Bg7 17. Rac1 Ne7 18. d4 Bg4 19. Nd2 Qc6 20. Qxc6 Nxc6 21. h3 Bc8
22. dxc5 Nxa5 23. b4 Nc6 24. cxd6 Rxd6 25. Ndc4 Rdd8 26. Rcd1 Be6 27. Bf1 Bf6
28. Nd5 Kg7 29. Ncb6 Ne7 30. c4 Nc6 31. Rb1 Nd4 32. Kg2 h5 33. h4 g5 34. hxg5
Bxg5 35. f4 Bh6 36. f5 Bxd5 37. Nxd5 Bg5 38. Bd3 Rh8 39. Rh1 Rh6 40. Rbf1 Rdh8
41. Rh3 h4 42. gxh4 Rxh4 43. Rxh4 Rxh4 44. Kg3 Rh6 45. b5 Bh4+ 46. Kg4 a5 47.
c5 a4 48. Rh1 a3 49. Bc4 Bf2 50. Rxh6 Kxh6 51. Nb4 Nxb5 52. Bxb5 Bxc5 53. Nc2
f6 54. Bc4 Kg7 55. Ne1 Kh6 56. Kf3 Kg5 57. Ke2 Kf4 58. Bd5 Be7 59. Nd3+ Kg3 60.
Nc1 b6 61. Kd3 Kf3 62. Na2 Bc5 63. Bb3 Bd4 64. Nb4 Kg4 65. Nd5 Kg5 66. Kc4 Bc5
67. Kb5 Bf2 68. Ka4 Bc5 69. Ba2 Bf8 70. Bb1 Bc5 71. Ba2 Bf8 72. Kb5 Bc5 73. Kc6
Bf2 74. Kd6 Bd4 75. Ke6 Bc5 76. Nxf6 Kf4 77. Kd5 1-0

[Event "HZ Chess Tournament 2022"]
[Site "Vlissingen, Netherlands"]
[Date "2022.08.13"]
[Round "9.15"]
[White "Laux, Dominik"]
[Black "Mensing, Adrian"]
[Result "1-0"]
[WhiteElo "2245"]
[BlackElo "1969"]
[PlyCount "141"]

1. e4 c5 2. Nf3 d6 3. d4 cxd4 4. Nxd4 Nf6 5. Nc3 a6 6. Be3 e5 7. Nb3 Be7 8. f3
Be6 9. Qd2 h5 10. Nd5 Nxd5 11. exd5 Bf5 12. Be2 Nd7 13. O-O Rc8 14. c4 O-O 15.
Na5 Qc7 16. b4 Bf6 17. Rac1 b6 18. Nc6 a5 19. bxa5 Ra8 20. axb6 Nxb6 21. c5 Na4
22. cxd6 Qxd6 23. Bb5 Qa3 24. Rfe1 Bd8 25. Bf2 Kh7 26. Rxe5 Bg6 27. d6 Bf6 28.
Re3 Bc3 29. Rexc3 Nxc3 30. Rxc3 Qxa2 31. Qxa2 Ra5 32. Qa3 Rxa3 33. d7 Ra1+ 34.
Bf1 Rd1 35. Bc5 Ra8 36. d8=Q Raxd8 37. Nxd8 Rxd8 38. h4 Bf5 39. Kf2 Rd2+ 40.
Kg3 Kg6 41. Be3 Rd6 42. Bb5 Kh7 43. Ba4 Bg6 44. Bc2 Rd7 45. Bxg6+ Kxg6 46. Rc6+
f6 47. Bf4 Ra7 48. Rc7 Ra8 49. Bd6 Rd8 50. Bc5 Ra8 51. Kh3 Rb8 52. Bd6 Rd8 53.
Be7 Re8 54. Bb4 Rb8 55. Bc5 Ra8 56. Kg3 Rb8 57. Kf4 Ra8 58. g4 Ra4+ 59. Kg3 Ra8
60. gxh5+ Kh6 61. Be3+ g5 62. hxg6+ Kxg6 63. Rc5 Ra4 64. h5+ Kf7 65. Rc7+ Ke6
66. h6 Kf5 67. h7 Ra8 68. Rg7 Rh8 69. Bd4 Re8 70. Rg8 Rxg8+ 71. hxg8=R 1-0

[Event "HZ Chess Tournament 2022"]
[Site "Vlissingen, Netherlands"]
[Date "2022.08.13"]
[Round "9.16"]
[White "Zwirs, Jasper"]
[Black "De Jong, Tom"]
[Result "0-1"]
[WhiteElo "2105"]
[BlackElo "2191"]
[PlyCount "74"]

1. e4 c6 2. d4 d5 3. e5 c5 4. dxc5 e6 5. c3 Nd7 6. f4 Bxc5 7. Nf3 Nh6 8. b4 Bb6
9. Nd4 a5 10. bxa5 Rxa5 11. Ba3 Nc5 12. Bb5+ Bd7 13. Bxd7+ Qxd7 14. O-O O-O 15.
Bb4 Ra4 16. a3 Rfa8 17. Kh1 Na6 18. Nc2 d4 19. Nd2 Qc6 20. cxd4 Nf5 21. Rc1 Qd5
22. Nf3 h6 23. Ne3 Nxe3 24. Qxa4 Nc7 25. Qxa8+ Nxa8 26. Rc8+ Kh7 27. Re1 Bxd4
28. Rxa8 Ng4 29. h3 Nf2+ 30. Kh2 Nd3 31. Rd1 Be3 32. Ne1 Bxf4+ 33. g3 Qa2+ 34.
Ng2 Nf2 35. gxf4 Nxd1 36. Rd8 Ne3 37. Rd2 Nf1+ 0-1

[Event "HZ Chess Tournament 2022"]
[Site "Vlissingen, Netherlands"]
[Date "2022.08.13"]
[Round "9.17"]
[White "Bezemer, Arno"]
[Black "Duson, Robin"]
[Result "1-0"]
[WhiteElo "2278"]
[BlackElo "2040"]
[PlyCount "33"]

1. d4 Nf6 2. c4 e6 3. Nf3 c5 4. d5 exd5 5. cxd5 g6 6. e4 Nxe4 7. Bd3 Nd6 8. O-O
Be7 9. Bh6 f6 10. Re1 Kf7 11. Qc1 c4 12. Bxc4 Qc7 13. Qf4 Re8 14. Nc3 Kg8 15.
Ne4 Qxc4 16. Nxf6+ Kh8 17. Qxd6 1-0

[Event "HZ Chess Tournament 2022"]
[Site "Vlissingen, Netherlands"]
[Date "2022.08.13"]
[Round "9.18"]
[White "Gijsen, William"]
[Black "Lammens, Tim"]
[Result "1/2-1/2"]
[WhiteElo "2079"]
[BlackElo "2255"]
[PlyCount "43"]

1. e4 c6 2. d4 d5 3. e5 Bf5 4. Nf3 e6 5. Be2 Ne7 6. Nc3 Nd7 7. Be3 c5 8. O-O
Bg4 9. Nd2 cxd4 10. Bxd4 Nc6 11. Bxg4 Nxd4 12. Re1 Bc5 13. Nf3 Nxf3+ 14. Qxf3
O-O 15. Rad1 Qg5 16. h4 Qxh4 17. Nxd5 Rad8 18. g3 Qg5 19. Qf4 Qxf4 20. Nxf4 Nb6
21. Nd3 Be7 22. Bf3 1/2-1/2

[Event "HZ Chess Tournament 2022"]
[Site "Vlissingen, Netherlands"]
[Date "2022.08.13"]
[Round "9.19"]
[White "Dougherty, Michael"]
[Black "Weber, Dirk"]
[Result "1-0"]
[WhiteElo "2071"]
[BlackElo "2208"]
[PlyCount "117"]

1. Nf3 Nf6 2. c4 c5 3. Nc3 e6 4. e3 Be7 5. d4 a6 6. Bd3 O-O 7. O-O d6 8. b3 Re8
9. Bb2 Qc7 10. Qe2 Nbd7 11. Rad1 b6 12. Ng5 h6 13. f4 Bb7 14. Nf3 Bf8 15. Bb1
Rad8 16. Kh1 g6 17. a4 Bg7 18. h3 cxd4 19. Nxd4 e5 20. Ndb5 axb5 21. Nxb5 Qb8
22. f5 Nf8 23. Ba3 d5 24. cxd5 e4 25. d6 Ba6 26. fxg6 fxg6 27. Qc4+ Kh8 28.
Rxf6 Bxf6 29. Bxe4 Bxb5 30. axb5 Bg7 31. Qd3 Qa7 32. Bb4 Qf7 33. Bc6 Re5 34. e4
Nd7 35. Rf1 Qe6 36. Bd5 Rxd5 37. exd5 Qe8 38. Re1 Qf7 39. Re7 Qf5 40. Qe3 Rf8
41. Bc3 Nf6 42. d7 Kg8 43. Rxg7+ Kxg7 44. Qe7+ Kg8 45. Qxf8+ Kxf8 46. d8=Q+ Ne8
47. Qxb6 Qf1+ 48. Qg1 Qxb5 49. Qf2+ Ke7 50. Qe3+ Kd8 51. Qe5 h5 52. Kh2 Qb6 53.
Bd4 Qxb3 54. Qe6 Qb8+ 55. Be5 Qb7 56. h4 Qb1 57. d6 Qb5 58. Bf6+ Nxf6 59. Qe7+
1-0

[Event "HZ Chess Tournament 2022"]
[Site "Vlissingen, Netherlands"]
[Date "2022.08.13"]
[Round "9.20"]
[White "Nieuwelink, Kees"]
[Black "Shakhverdian, William"]
[Result "1/2-1/2"]
[WhiteElo "2200"]
[BlackElo "2046"]
[PlyCount "41"]

1. e4 e5 2. Nf3 Nc6 3. Bc4 Bc5 4. O-O Nf6 5. d4 Bxd4 6. Nxd4 Nxd4 7. Bg5 d6 8.
f4 Bg4 9. Bxf6 Bxd1 10. Bxd8 Rxd8 11. Rxd1 Nxc2 12. Nc3 Nxa1 13. Rxa1 exf4 14.
Nd5 c6 15. Nxf4 O-O 16. Kf2 Rfe8 17. Kf3 Re5 18. Rd1 Kf8 19. g4 a5 20. a4 Rde8
21. Rd4 1/2-1/2

[Event "HZ Chess Tournament 2022"]
[Site "Vlissingen, Netherlands"]
[Date "2022.08.13"]
[Round "9.21"]
[White "Baarslag, Ed"]
[Black "Verwoert, Jef"]
[Result "1-0"]
[WhiteElo "2172"]
[BlackElo "1998"]
[PlyCount "74"]

1. d4 Nf6 2. Nf3 c5 3. g3 cxd4 4. Nxd4 Nc6 5. Nxc6 dxc6 6. Qxd8+ Kxd8 7. Bg2
Bf5 8. c3 e6 9. Nd2 Bd6 10. Nc4 Bc7 11. a4 Be4 12. Bxe4 Nxe4 13. Be3 b6 14. f3
Nf6 15. Bf2 Ke7 16. Kd2 Rhc8 17. Rhc1 Nd7 18. b4 Ne5 19. Ne3 f6 20. f4 Nf7 21.
Nc4 Rd8+ 22. Kc2 Nd6 23. Nxd6 Bxd6 24. Rd1 Bc7 25. Rxd8 Rxd8 26. e4 g6 27. Be3
Rd7 28. h3 Rd8 29. Re1 Kf7 30. Rf1 Re8 31. Rd1 Rd8 32. Rxd8 Bxd8 33. b5 Ke7 34.
c4 Kd7 35. Kd3 Bc7 36. Bd4 e5 37. Be3 c5 1-0

[Event "HZ Chess Tournament 2022"]
[Site "Vlissingen, Netherlands"]
[Date "2022.08.13"]
[Round "9.22"]
[White "Tabak, Stefan"]
[Black "Lichtmannecker, Daniel"]
[Result "0-1"]
[WhiteElo "2166"]
[BlackElo "2031"]
[PlyCount "64"]

1. e4 c6 2. d4 d5 3. Nc3 dxe4 4. Nxe4 Bf5 5. Ng3 Bg6 6. Nf3 Nd7 7. h4 h6 8. h5
Bh7 9. Bd3 Bxd3 10. Qxd3 Ngf6 11. Bf4 Qa5+ 12. Bd2 Qc7 13. O-O-O e6 14. Rhe1
O-O-O 15. Qe2 Bd6 16. Ne5 Rhf8 17. f4 c5 18. dxc5 Nxc5 19. Kb1 Kb8 20. Qf3 Rc8
21. Nc4 Na4 22. b3 Nd5 23. Ne4 Be7 24. f5 b5 25. Bc1 Rfd8 26. fxe6 fxe6 27.
bxa4 bxc4 28. Ka1 Qa5 29. Bf4+ Ka8 30. Be5 Rf8 31. Qh3 Nb4 32. Re2 Qxe5+ 0-1

[Event "HZ Chess Tournament 2022"]
[Site "Vlissingen, Netherlands"]
[Date "2022.08.13"]
[Round "9.23"]
[White "Bazilius, Augustinas"]
[Black "Tiggelman, Rene"]
[Result "1-0"]
[WhiteElo "2045"]
[BlackElo "2165"]
[PlyCount "61"]

1. d4 e6 2. c4 f5 3. Nf3 Nf6 4. g3 d5 5. Bg2 c6 6. O-O Bd6 7. Nc3 O-O 8. Rb1
Ne4 9. Qc2 Nd7 10. b4 b5 11. c5 Bc7 12. a4 bxa4 13. Nxa4 Ba6 14. Nb2 Bb5 15.
Nd3 g5 16. Nfe5 Nxe5 17. dxe5 a5 18. f3 axb4 19. fxe4 fxe4 20. Rxf8+ Qxf8 21.
Nxb4 Bxe5 22. Be3 Qg7 23. Bxe4 dxe4 24. Qxe4 Rc8 25. Nd3 Bxd3 26. exd3 Rd8 27.
Qxc6 Qf6 28. Qe4 Bd4 29. Bxd4 Qxd4+ 30. Qxd4 Rxd4 31. c6 1-0

[Event "HZ Chess Tournament 2022"]
[Site "Vlissingen, Netherlands"]
[Date "2022.08.13"]
[Round "9.24"]
[White "Van Wijk, Peter"]
[Black "Cordes, Hans-Joerg"]
[Result "0-1"]
[WhiteElo "2016"]
[BlackElo "2154"]
[PlyCount "108"]

1. e4 c5 2. Nf3 d6 3. d4 cxd4 4. Nxd4 Nf6 5. Nc3 a6 6. f3 e5 7. Nb3 Be7 8. Be3
h5 9. Qd2 Be6 10. Nd5 Bxd5 11. exd5 Nbd7 12. c4 a5 13. Rc1 b6 14. Be2 Nc5 15.
Nxc5 bxc5 16. Bd3 Nd7 17. Rc3 O-O 18. O-O f5 19. Rb3 Rb8 20. Rxb8 Nxb8 21. g4
e4 22. fxe4 fxg4 23. Rxf8+ Bxf8 24. e5 dxe5 25. Qf2 Nd7 26. Qf5 Nf6 27. Qe6+
Kh8 28. Qxe5 Bd6 29. Qe6 Qb8 30. Bg5 Qxb2 31. Qxd6 Qd4+ 32. Kg2 Qxd3 33. Bxf6
Qf3+ 34. Kg1 gxf6 35. Qxc5 Qd1+ 36. Kg2 Qc2+ 37. Qf2 Qe4+ 38. Kg1 Kg7 39. Qd2
Qxc4 40. Qxa5 Qd4+ 41. Kg2 Kg6 42. Qb5 Qe4+ 43. Kg1 h4 44. a4 h3 45. Kf2 Qf3+
46. Ke1 Qh1+ 47. Kd2 Qxh2+ 48. Kd3 Qe5 49. Kc4 Qe2+ 50. Kc5 Qxb5+ 51. axb5 h2
52. b6 h1=Q 53. b7 Qb1 54. Kc6 Kf7 0-1

[Event "HZ Chess Tournament 2022"]
[Site "Vlissingen, Netherlands"]
[Date "2022.08.13"]
[Round "9.26"]
[White "Kalisvaart, Peter"]
[Black "Kools, Thomas"]
[Result "1-0"]
[WhiteElo "1979"]
[BlackElo "2135"]
[PlyCount "111"]

1. d4 d5 2. c4 c6 3. Nc3 e6 4. cxd5 exd5 5. Nf3 Nf6 6. Bg5 Be7 7. e3 Bf5 8. Bd3
Bxd3 9. Qxd3 O-O 10. O-O Re8 11. Nd2 Ne4 12. Bxe7 Qxe7 13. Ndxe4 dxe4 14. Qe2
Nd7 15. Rfd1 Nf6 16. d5 Nxd5 17. Nxd5 cxd5 18. Rxd5 Rad8 19. Rad1 Rxd5 20. Rxd5
Rd8 21. Qd2 Rxd5 22. Qxd5 g6 23. h3 h5 24. a3 Qc7 25. b4 Qc1+ 26. Kh2 Qc7+ 27.
g3 Qe7 28. Kg2 Kh7 29. Qd4 b6 30. a4 Qe6 31. a5 bxa5 32. bxa5 a6 33. Qb6 Qc4
34. Qf6 Kg8 35. Qe5 Qe6 36. Qxe6 fxe6 37. f4 Kf7 38. g4 hxg4 39. hxg4 Ke7 40.
Kg3 Kf7 41. Kf2 Ke7 42. Ke2 Kd6 43. Kd2 Kd5 44. Kc3 Kc5 45. g5 Kb5 46. Kd4 Kxa5
47. Ke5 Kb6 48. Kxe6 a5 49. f5 a4 50. f6 a3 51. f7 a2 52. f8=Q a1=Q 53. Qb8+
Kc5 54. Qe5+ Qxe5+ 55. Kxe5 Kc6 56. Kf6 1-0